ՀՀ Գիտությունների ազգային ակադեմիայի հիմնարար գիտական գրադարան  =   Fundamental Scientific Library of NAS RA

Олимпио, или Жизнь Виктора Гюго / (Record no. 247251)

MARC details
000 -LEADER
fixed length control field 00759nam a2200217 u 4500
001 - CONTROL NUMBER
control field 000599551
003 - CONTROL NUMBER IDENTIFIER
control field AM-YeHGA
005 - DATE AND TIME OF LATEST TRANSACTION
control field 20250618073549.0
008 - FIXED-LENGTH DATA ELEMENTS--GENERAL INFORMATION
fixed length control field 080916s1988 ||| r 000 0 rus d
020 ## - INTERNATIONAL STANDARD BOOK NUMBER
International Standard Book Number 5898400141
040 ## - CATALOGING SOURCE
Original cataloging agency AM-YeHGA
041 1# - LANGUAGE CODE
Language code of text/sound track or separate title rus
Language code of original fre
090 ## - LOCALLY ASSIGNED LC-TYPE CALL NUMBER (OCLC); LOCAL CALL NUMBER (RLIN)
-- 248841
100 1# - MAIN ENTRY--PERSONAL NAME
Personal name Моруа, Андре
Dates associated with a name 1885-1967.
245 10 - TITLE STATEMENT
Title Олимпио, или Жизнь Виктора Гюго /
Statement of responsibility, etc. Андре Моруа; Пер. с фр. Н. Немчиновой, М. Трескунова.
260 ## - PUBLICATION, DISTRIBUTION, ETC.
Place of publication, distribution, etc. Алма-Ата :
Name of publisher, distributor, etc. Онер,
Date of publication, distribution, etc. 1988.
300 ## - PHYSICAL DESCRIPTION
Extent 607 с.
600 14 - SUBJECT ADDED ENTRY--PERSONAL NAME
Personal name Հյուգո, Վիկտոր,
Dates associated with a name 1802-1885
9 (RLIN) 5858
653 0# - INDEX TERM--UNCONTROLLED
Uncontrolled term Писатели французские (х. л.)
700 1# - ADDED ENTRY--PERSONAL NAME
Personal name Немчинова, Н.
Relator term пер.
Relationship trl
Holdings
Withdrawn status Lost status Damaged status Not for loan Collection Home library Current library Date acquired Total checkouts Full call number Barcode Date last seen Price effective from Koha item type Public note
        General Fundamental Scientific Library Fundamental Scientific Library 28/12/2016   PII/586798 FL0074617 28/12/2016 28/12/2016 Գրքեր / Books 30 Days Loan


ՀՀ ԳԱԱ հիմնարար գիտական գրադարան
ՀՀ,Երևան 0019
Մարշալ Բաղրամյան 24/6
հեռախոս:(374-10) 52-47-50
Հետադարձ կապ

All site content, except where otherwise noted, is licensed under a
Creative Commons License